Statistics for Name A 4 Letter Word with No Vowels A-Z

Click here to take the quiz!

General Stats

  • This quiz has been taken 29 times
  • The average score is 3 of 10

Answer Stats

LetterAnswersWord% Correct
H1Hymn
68%
C1Cyst
44%
S4Scry / Spry / Sync / Syph
36%
M1Myth
32%
L1Lynx
28%
W3Wych / Wynd / Wynn
24%
X1Xyst
12%
B1Byrl
4%
R1Rynd
4%
T2Typp / Typy
4%

Score Distribution

Percentile by Number Answered

Percent of People with Each Score

Your Score History

You have not taken this quiz